Central Library OPAC University of Rajshahi

The garden in the plains / (Record no. 14627)

MARC details
000 -LEADER
fixed length control field 00709cam a22002531 4500
001 - CONTROL NUMBER
control field 14627
003 - CONTROL NUMBER IDENTIFIER
rucl marc code BD-RjUL
005 - DATE AND TIME OF LATEST TRANSACTION
control field 20211208235649.0
008 - FIXED-LENGTH DATA ELEMENTS--GENERAL INFORMATION
fixed length control field 140206s1962 ii a 000 0 eng
035 ## - SYSTEM CONTROL NUMBER
System control number (BD-RjUL)14680
System control number (OCoLC)3209467
040 ## - CATALOGING SOURCE
Original cataloging agency DLC
Transcribing agency OC
Modifying agency OCoLC
-- Uk
-- BD-RjUL
Language of cataloging eng
041 ## - LANGUAGE CODE
Language code of text/sound track or separate title eng
082 ## - DEWEY DECIMAL CLASSIFICATION NUMBER
Edition number 23
Classification number 635.0954
Author mark and year HAG 1962
100 1# - MAIN ENTRY--PERSONAL NAME
Personal name Harler, Agnes Wrey,
Dates associated with a name 1901-
9 (RLIN) 45600
245 14 - TITLE STATEMENT
Title The garden in the plains /
Statement of responsibility, etc. Agnes W. Harler.
250 ## - EDITION STATEMENT
Edition statement 4th ed.
260 ## - PUBLICATION, DISTRIBUTION, ETC. (IMPRINT)
Place of publication, distribution, etc. Bombay :
Name of publisher, distributor, etc. Oxford University Press,
Date of publication, distribution, etc. 1962.
300 ## - PHYSICAL DESCRIPTION
Pagination 480 p. :
Illustrations ill. ;
Size 22 cm.
500 ## - GENERAL NOTE
General note Includes index.
650 #0 - SUBJECT ADDED ENTRY--TOPICAL TERM
Topical term or geographic name as entry element Gardening
Geographic subdivision India.
9 (RLIN) 45601
942 ## - ADDED ENTRY ELEMENTS (KOHA)
Source of classification or shelving scheme Dewey Decimal Classification
Koha item type Books
Holdings
Lost status Source of classification or shelving scheme Damaged status Not for loan Collection code Permanent Location Current Location Shelving location Date acquired Source of acquisition Cost, normal purchase price Total Checkouts Full call number Date last seen Copy number Koha item type
  Dewey Decimal Classification   Not For Loan Non-fiction Central Library, University of Rajshahi Central Library, University of Rajshahi Reading Room 04/03/1964 Zeitlinger 40.00   635.0954 HAG 1962 06/02/2014 C-1 Books
  Dewey Decimal Classification     Non-fiction Central Library, University of Rajshahi Central Library, University of Rajshahi   07/05/1974 Oxford University Press     635.0954 HAG 1962 03/06/2017 C-2 Books